000 00305nam a22001337a 4500
008 170203b xxu||||| |||| 00| 0 eng d
020 _a9780781734868
041 _aeng
080 _26TH
_a61
100 _a3
101 _aSHM
245 _aPRINCIPLES OF AMBULATORY MEDICINE
_cBARKER, L.R
942 _2udc
_cBK
999 _c4394
_d4394